| 000 | 00879naa a22002417a 4500 | ||
|---|---|---|---|
| 001 | vtls000017200 | ||
| 003 | ES-BaIT | ||
| 005 | 20260416105608.0 | ||
| 007 | t| | ||
| 008 | 111114s1948 spc|||||| |00| |spa|d | ||
| 010 | _a17200 | ||
| 035 |
_a0017-20060 _9ES-BaIT035 |
||
| 039 | 9 |
_a201403072224 _bVLOAD _c201303091920 _dVLOAD _c201111141503 _dVLOAD _y201110052249 _zVLOAD |
|
| 100 | 1 |
_aOller, Narcís, _d1846-1930 _936839 |
|
| 245 | 1 | 0 |
_aQui no en té se'n busca / _cNarcís Oller |
| 500 | _aProverbi. 1 acte | ||
| 500 | _aP4: D2, H2 | ||
| 773 | 0 |
_aObres completes / Narcís Oller ; [precedides de L'Obra de Narcís Oller, per Manuel de Montoliu i seguides de El Món de Narcís Oller, per Maurici Serrahima] _dBarcelona : Selecta, 1948 _gp.[1349]-1355 _wvtls000004012 _03302 |
|
| 790 | _w0004-01260 | ||
| 790 | _a000401260 | ||
| 917 | _aFALTA MATÈRIA. Cat. rev | ||
| 999 |
_c14521 _d14521 |
||
| 942 | _cART | ||